| 000 | 01007nam a22002537a 4500 | ||
|---|---|---|---|
| 005 | 20170123162319.0 | ||
| 010 | _aA-497111 | ||
| 020 | _c30.00 | ||
| 035 | _aA-497111 | ||
| 037 | _bCen Lib/Ret | ||
| 040 |
_aDPL _bUR |
||
| 082 |
_a846 _bص د ی |
||
| 245 |
_aرقعات ِ رشید صدیقی : _cمرتب مسعود حسین _bپروفسور رشید احمد صدیقی کے خطوط پروفیسر مسعود حسین کے نام / |
||
| 246 |
_aRaqaat Rasheed SIdiqi : professor Rasheed Ahmad Sidiqi ke khatoot professor Masood Husain ke name / _bedited by Masood Husian |
||
| 260 |
_aپٹنہ _bخدا بخش اورینٹڈ پبلک لائبریری _c1988 |
||
| 270 |
_aمومن پورا _bپٹنہ |
||
| 300 |
_a313p. _c21cm(Hb) |
||
| 650 |
_aاردو ادب _9116272 |
||
| 650 |
_aاردوخطوط _9592 |
||
| 650 |
_aUrdu literature _9116273 |
||
| 650 |
_aUrdu posts _9109318 |
||
| 700 |
_aمسعود حسین _9116274 |
||
| 942 |
_2ddc _cUR _h841 _mص د ی |
||
| 999 |
_c106964 _d106964 |
||